| 000 | 00754nam a2200229 i 4500 | ||
|---|---|---|---|
| 001 | bg | ||
| 100 | 1 | _aBOSS, Janusz | |
| 245 | 0 |
_aPompy, sprężarki, wentylatory / _cJanusz Boss, Andrzej T. Knapik, Marek Węgrzyn. |
|
| 260 |
_aOpole : _bWSI, _c1992. |
||
| 300 |
_a163 s. : _brys., wykr. ; _c24 cm. |
||
| 490 | 1 |
_aSkrypt Uczelniany / Wyższa Szkoła Inżynierska w Opolu, _x0860-9004 ; _vnr 147 |
|
| 504 | _aBibliogr. s. 163. | ||
| 700 | 1 | _aKNAPIK, Andrzej T. | |
| 700 | 1 | _aWĘGRZYN, Marek | |
| 710 | _aWYŻSZA SZKOŁA INŻYNIERSKA (Opole) | ||
| 830 | 0 |
_aSkrypt Uczelniany (Wyższa Szkoła Inżynierska w Opolu) ; _vnr 147 |
|
| 040 | _cBPK | ||
| 041 | _apol | ||
| 080 | _a621.6(075.8) | ||
| 942 | _cKS | ||
| 008 | s pl f |000 0 pol | ||
| 999 |
_c6396 _d6396 |
||
| 856 |
_uhttp://koha.tu.koszalin.pl/cgi-bin/koha/opac-detail.pl?biblionumber=6396 _yKatalog online BPK |
||